[Event "Titled Tuesday intern op 16th Apr Early"]
[Site "Chess.com INT"]
[Date "2024.04.16"]
[Round "3"]
[White "Aronian, Levon"]
[Black "Goltsev, Dmitry"]
[Result "1-0"]
[WhiteElo "2729"]
[BlackElo "2215"]
[PlyCount "53"]
[EventDate "2024.04.16"]
[EventType "swiss (blitz)"]
[EventRounds "11"]
[EventCountry "USA"]
[SourceTitle "CB17_2024"]
[SourceDate "2024.04.24"]
[SourceVersion "1"]
[SourceVersionDate "2024.04.24"]
[SourceQuality "1"]

1. e4 e6 2. d4 d5 3. Nc3 c5 4. exd5 exd5 5. Nf3 Nf6 6. Bg5 Nc6 7. Bb5 Be7 8. dxc5 Bxc5 9. 0-0 0-0 10. Bxf6 Qxf6 11. Qxd5 Bb6 12. Bxc6 bxc6 13. Qe5 Qg6 14. Ne4 Ba6 15. Rfe1 Rfe8 16. Qf4 Rad8 17. h3 h6 18. c3 Re6 19. Ne5 Qh5 20. Ng3 Qg5 21. Qxf7+ Kh7 22. Qxe6 Qxg3 23. Qf5+ Kg8 24. Qf7+ Kh7 25. Ng4 Qd6 26. Re6 Qc7 27. Rxh6# 1-0

[Event "Titled Tuesday intern op 16th Apr Late"]
[Site "Chess.com INT"]
[Date "2024.04.16"]
[Round "2"]
[White "Brozyna, Mateusz"]
[Black "Goltsev, Dmitry"]
[Result "0-1"]
[WhiteElo "2259"]
[BlackElo "2215"]
[PlyCount "36"]
[EventDate "2024.04.16"]
[EventType "swiss (blitz)"]
[EventRounds "11"]
[EventCountry "USA"]
[SourceTitle "CB17_2024"]
[SourceDate "2024.04.24"]
[SourceVersion "1"]
[SourceVersionDate "2024.04.24"]
[SourceQuality "1"]

1. e4 e6 2. d4 d5 3. exd5 exd5 4. Nf3 Nf6 5. Bd3 c5 6. Qe2+ Be7 7. dxc5 0-0 8. Be3 Nc6 9. Nd4 Re8 10. Nxc6 bxc6 11. c3 Bxc5 12. 0-0 Ng4 13. Bxh7+ Kh8 14. Bc2 Qh4 15. h3 Rxe3 16. fxe3 Bxe3+ 17. Kh1 Qg3 18. hxg4 Qh4# 0-1

[Event "Titled Tuesday intern op 16th Apr Early"]
[Site "Chess.com INT"]
[Date "2024.04.16"]
[Round "8"]
[White "Goltsev, Dmitry"]
[Black "Danielyan, Vahe"]
[Result "1-0"]
[WhiteElo "2215"]
[BlackElo "2331"]
[PlyCount "47"]
[EventDate "2024.04.16"]
[EventType "swiss (blitz)"]
[EventRounds "11"]
[EventCountry "USA"]
[SourceTitle "CB17_2024"]
[SourceDate "2024.04.24"]
[SourceVersion "1"]
[SourceVersionDate "2024.04.24"]
[SourceQuality "1"]

1. e4 c6 2. e5 d5 3. exd6 exd6 4. d4 Nf6 5. Nf3 d5 6. c4 Bb4+ 7. Nc3 0-0 8. Be2 dxc4 9. Bxc4 Re8+ 10. Be3 Nd5 11. 0-0 Bg4 12. Qb3 Bxc3 13. bxc3 Bxf3 14. Qxb7 Nd7 15. gxf3 N7b6 16. Bb3 Qf6 17. Kg2 Nxc3 18. Rac1 Nbd5 19. Bxd5 Nxd5 20. Qxc6 Qf5 21. Rc5 Rad8 22. Rfc1 Re6 23. Qxd5 Rg6+ 24. Kh1 1-0

[Event "Titled Tuesday intern op 16th Apr Late"]
[Site "Chess.com INT"]
[Date "2024.04.16"]
[Round "8"]
[White "Goltsev, Dmitry"]
[Black "Krsnik Cohar, Ivan Vihor"]
[Result "0-1"]
[WhiteElo "2215"]
[BlackElo "2331"]
[PlyCount "88"]
[EventDate "2024.04.16"]
[EventType "swiss (blitz)"]
[EventRounds "11"]
[EventCountry "USA"]
[SourceTitle "CB17_2024"]
[SourceDate "2024.04.24"]
[SourceVersion "1"]
[SourceVersionDate "2024.04.24"]
[SourceQuality "1"]

1. e4 c6 2. e5 d5 3. exd6 exd6 4. d4 d5 5. Nf3 Nf6 6. c4 Be7 7. Nc3 dxc4 8. Bxc4 0-0 9. 0-0 h6 10. Qd3 Nbd7 11. Bb3 Nc5 12. Qc2 Nxb3 13. Qxb3 Qb6 14. Qc2 Bg4 15. Ne5 Qxd4 16. Re1 Bd6 17. Nxg4 Nxg4 18. h3 Rfe8 19. Rd1 Qe5 20. g3 Nxf2 21. Rxd6 Qxg3+ 22. Kf1 Qxh3+ 23. Kxf2 Qh2+ 24. Kf1 Qxc2 25. Bf4 Qxb2 26. Rc1 Qb4 27. Bh2 Rad8 28. Rxd8 Rxd8 29. Ne2 Qa4 30. Kf2 Qxa2 31. Bf4 Re8 32. Re1 a5 33. Kf3 Qd5+ 34. Kf2 a4 35. Bc1 Qc5+ 36. Kg2 Rxe2+ 37. Rxe2 Qxc1 38. Re8+ Kh7 39. Re2 a3 40. Rf2 Qc4 41. Kg3 a2 42. Rf4 Qxf4+ 43. Kxf4 a1Q 44. Kg4 Qf6 0-1

[Event "Titled Tuesday intern op 16th Apr Late"]
[Site "Chess.com INT"]
[Date "2024.04.16"]
[Round "1"]
[White "Goltsev, Dmitry"]
[Black "Skaric, Djuro"]
[Result "1-0"]
[WhiteElo "2215"]
[BlackElo "2297"]
[PlyCount "55"]
[EventDate "2024.04.16"]
[EventType "swiss (blitz)"]
[EventRounds "11"]
[EventCountry "USA"]
[SourceTitle "CB17_2024"]
[SourceDate "2024.04.24"]
[SourceVersion "1"]
[SourceVersionDate "2024.04.24"]
[SourceQuality "1"]

1. e4 d6 2. d4 g6 3. h4 Bg7 4. h5 gxh5 5. c3 Nf6 6. Bd3 h6 7. Nf3 Nc6 8. Bf4 Bg4 9. Qb3 Rb8 10. Nbd2 a6 11. Nh4 e5 12. Be3 Ne7 13. f3 Be6 14. d5 Bd7 15. Ba7 Ra8 16. Qxb7 0-0 17. Be3 Ng6 18. g3 Rb8 19. Qxa6 Rxb2 20. Qa3 Rb8 21. Qc1 Ra8 22. Nb3 Ba4 23. Kf2 c6 24. Bxh6 Nh7 25. Bxg7 Kxg7 26. Nf5+ Kh8 27. Qh6 Qf6 28. Rxh5 1-0

[Event "Titled Tuesday intern op 16th Apr Late"]
[Site "Chess.com INT"]
[Date "2024.04.16"]
[Round "11"]
[White "Mullodzhanov, Nathaniel"]
[Black "Goltsev, Dmitry"]
[Result "1-0"]
[WhiteElo "1927"]
[BlackElo "2215"]
[PlyCount "67"]
[EventDate "2024.04.16"]
[EventType "swiss (blitz)"]
[EventRounds "11"]
[EventCountry "USA"]
[SourceTitle "CB17_2024"]
[SourceDate "2024.04.24"]
[SourceVersion "1"]
[SourceVersionDate "2024.04.24"]
[SourceQuality "1"]

1. e4 e6 2. d4 d5 3. Nd2 c5 4. Ngf3 Nf6 5. e5 Nfd7 6. c3 Nc6 7. Bd3 cxd4 8. cxd4 Qb6 9. Nb3 a5 10. a4 Bb4+ 11. Kf1 h6 12. g3 g5 13. Be3 Be7 14. h4 g4 15. Ng1 Nb4 16. Bb5 h5 17. Rc1 f6 18. Ne2 0-0 19. Nf4 f5 20. Rxc8 Raxc8 21. Bxd7 Rc6 22. Bxc6 Qxc6 23. Kg2 Kf7 24. Nxa5 Qc7 25. Nb3 Qc4 26. Nd2 Qa6 27. Nxh5 Rc8 28. Nf4 Rc2 29. h5 Qxa4 30. h6 Qe8 31. h7 Qh8 32. Qg1 Rxb2 33. Qh2 Ke8 34. Ng6 1-0

[Event "Titled Tuesday intern op 02nd Apr Early"]
[Site "Chess.com INT"]
[Date "2024.04.02"]
[Round "10"]
[White "Bortnyk, Olexandr"]
[Black "Goltsev, Dmitry"]
[Result "1-0"]
[WhiteElo "2608"]
[BlackElo "2215"]
[PlyCount "73"]
[EventDate "2024.04.02"]
[EventType "swiss (blitz)"]
[EventRounds "11"]
[EventCountry "USA"]
[SourceTitle "CB15_2024"]
[SourceDate "2024.04.10"]
[SourceVersion "1"]
[SourceVersionDate "2024.04.10"]
[SourceQuality "1"]

1. e4 e6 2. Nf3 d5 3. e5 d4 4. Bd3 c5 5. 0-0 Nc6 6. Be4 Nge7 7. c3 Ng6 8. Bxc6+ bxc6 9. Qa4 Bd7 10. Na3 Qb6 11. Re1 Be7 12. d3 0-0 13. Nc4 Qb5 14. Qc2 Rab8 15. Bg5 Bxg5 16. Nxg5 h6 17. Ne4 Rfd8 18. a4 Qb7 19. Nxc5 Qc8 20. cxd4 Be8 21. Nd6 Qc7 22. Na6 Qb6 23. Nxb8 Qxb8 24. g3 Ne7 25. Qc5 Nd5 26. b4 Qxb4 27. Qxa7 Qd2 28. a5 Qxd3 29. a6 Qf3 30. Qc5 Rb8 31. Ra3 Qg4 32. a7 Ra8 33. Nxe8 Nf4 34. Qxc6 Nh3+ 35. Kg2 Nf4+ 36. Kh1 Rc8 37. Qxc8 1-0

[Event "Titled Tuesday intern op 02nd Apr Early"]
[Site "Chess.com INT"]
[Date "2024.04.02"]
[Round "5"]
[White "Duda, Jan Krzysztof"]
[Black "Goltsev, Dmitry"]
[Result "1-0"]
[WhiteElo "2731"]
[BlackElo "2215"]
[PlyCount "95"]
[EventDate "2024.04.02"]
[EventType "swiss (blitz)"]
[EventRounds "11"]
[EventCountry "USA"]
[SourceTitle "CB15_2024"]
[SourceDate "2024.04.10"]
[SourceVersion "1"]
[SourceVersionDate "2024.04.10"]
[SourceQuality "1"]

1. e4 e6 2. d4 d5 3. Nc3 Nf6 4. e5 Nfd7 5. f4 c5 6. Nf3 a6 7. Be3 cxd4 8. Qxd4 Bc5 9. Qd2 Bxe3 10. Qxe3 Qb6 11. Qxb6 Nxb6 12. 0-0-0 Nc6 13. Bd3 Bd7 14. h4 h5 15. b3 Rc8 16. Kb2 g6 17. Ne2 Nb4 18. Ned4 Nxd3+ 19. cxd3 Ke7 20. a4 Rc7 21. Rc1 Rhc8 22. Rxc7 Rxc7 23. a5 Na8 24. Ra1 Rc8 25. b4 Nc7 26. Nb3 Nb5 27. Nfd4 Nxd4 28. Nxd4 f6 29. Re1 fxe5 30. Rxe5 Kf6 31. g3 Bb5 32. Rxe6+ Kf7 33. Re3 Bd7 34. Re5 Bc6 35. Kc3 Bb5+ 36. Kd2 Bc6 37. f5 gxf5 38. Rxf5+ Kg6 39. Rg5+ Kh6 40. Nf5+ Kh7 41. Rxh5+ Kg6 42. g4 Kf6 43. Rh6+ Ke5 44. Ke3 d4+ 45. Nxd4 Bd5 46. Rh5+ Kd6 47. Nf5+ Ke6 48. Rh6+ 1-0

[Event "Titled Tuesday intern op 02nd Apr Late"]
[Site "Chess.com INT"]
[Date "2024.04.02"]
[Round "9"]
[White "Goltsev, Dmitry"]
[Black "Estrada Nieto, Julian"]
[Result "1-0"]
[WhiteElo "2215"]
[BlackElo "2195"]
[PlyCount "131"]
[EventDate "2024.04.02"]
[EventType "swiss (blitz)"]
[EventRounds "11"]
[EventCountry "USA"]
[SourceTitle "CB15_2024"]
[SourceDate "2024.04.10"]
[SourceVersion "1"]
[SourceVersionDate "2024.04.10"]
[SourceQuality "1"]

1. d4 d5 2. Nc3 Nf6 3. Bf4 c6 4. e3 Bf5 5. Nf3 Nbd7 6. Ne5 Nxe5 7. dxe5 Ne4 8. Nxe4 Bxe4 9. f3 Bg6 10. Bd3 Bxd3 11. Qxd3 e6 12. h4 Qa5+ 13. c3 h5 14. b4 Qb5 15. Qxb5 cxb5 16. a4 bxa4 17. Rxa4 a6 18. Bg5 Rc8 19. Kd2 Be7 20. Bxe7 Kxe7 21. Rb1 Rc4 22. g3 Rhc8 23. Ra3 f6 24. exf6+ gxf6 25. b5 a5 26. b6 a4 27. Rb5 Rg8 28. Ra5 Rxg3 29. Ra7 Rxh4 30. Rxb7+ Kd6 31. Rf7 Rh2+ 32. Kd3 Rgg2 33. c4 Rd2+ 34. Kc3 Rc2+ 35. Kb4 Rxc4+ 36. Ka5 Rb2 37. e4 dxe4 38. fxe4 Ke5 39. b7 Rcb4 40. Ka6 R2b3 41. Ra1 a3 42. Ka7 Ra4+ 43. Kb8 a2 44. Kc8 Rc4+ 45. Rc7 Rcb4 46. Rxa2 Kxe4 47. Rh2 Kf5 48. Rxh5+ Kg6 49. Rhc5 e5 50. R5c6 Kf5 51. Rf7 Ke4 52. Rcxf6 Kd3 53. Rd7+ Kc2 54. Rc6+ Kb2 55. Ra6 e4 56. Re7 e3 57. Rc6 Rd3 58. b8Q Rxb8+ 59. Kxb8 Kb1 60. Rb7+ Ka2 61. Ra6+ Ra3 62. Rxa3+ Kxa3 63. Re7 Kb4 64. Rxe3 Kc4 65. Re7 Kd4 66. Kc7 1-0

[Event "Titled Tuesday intern op 02nd Apr Late"]
[Site "Chess.com INT"]
[Date "2024.04.02"]
[Round "5"]
[White "Goltsev, Dmitry"]
[Black "Kepeshchuk, Mykhaylo"]
[Result "0-1"]
[WhiteElo "2215"]
[BlackElo "2269"]
[PlyCount "98"]
[EventDate "2024.04.02"]
[EventType "swiss (blitz)"]
[EventRounds "11"]
[EventCountry "USA"]
[SourceTitle "CB15_2024"]
[SourceDate "2024.04.10"]
[SourceVersion "1"]
[SourceVersionDate "2024.04.10"]
[SourceQuality "1"]

1. e4 c5 2. Nf3 d6 3. d4 cxd4 4. Nxd4 Nf6 5. Nc3 g6 6. Be2 Nc6 7. 0-0 Nxd4 8. Qxd4 Bg7 9. Be3 0-0 10. Qd2 Bd7 11. Rad1 Re8 12. f4 Qa5 13. e5 Ng4 14. Bd4 dxe5 15. fxe5 Bxe5 16. h3 Nf6 17. Bxe5 Qxe5 18. Rxf6 Qxf6 19. Qxd7 Qb6+ 20. Kh1 Qxb2 21. Ne4 Qxc2 22. Bf3 Rad8 23. Qxd8 Rxd8 24. Rxd8+ Kg7 25. Rd7 Kf8 26. Rxb7 Qxa2 27. Kh2 a5 28. Nc5 a4 29. Nd7+ Kg7 30. Ne5 Qa3 31. Nc6 Qd6+ 32. g3 a3 33. Ra7 Qd2+ 34. Bg2 a2 35. Nb4 Qxb4 36. Rxa2 e5 37. Re2 Qc5 38. Re4 Qd6 39. Ra4 f5 40. Ra7+ Kh6 41. h4 Qd2 42. Rb7 e4 43. Re7 Qf2 44. Kh3 Qg1 45. g4 fxg4+ 46. Kg3 e3 47. Re4 Qf2+ 48. Kxg4 Qxg2+ 49. Kf4 e2 0-1

[Event "Titled Tuesday intern op 02nd Apr Late"]
[Site "Chess.com INT"]
[Date "2024.04.02"]
[Round "11"]
[White "Goltsev, Dmitry"]
[Black "Sadovsky, Artem"]
[Result "1-0"]
[WhiteElo "2215"]
[BlackElo "2276"]
[PlyCount "153"]
[EventDate "2024.04.02"]
[EventType "swiss (blitz)"]
[EventRounds "11"]
[EventCountry "USA"]
[SourceTitle "CB15_2024"]
[SourceDate "2024.04.10"]
[SourceVersion "1"]
[SourceVersionDate "2024.04.10"]
[SourceQuality "1"]

1. e4 g6 2. h4 h5 3. d4 Bg7 4. c3 d6 5. Bd3 e5 6. Nf3 Bg4 7. Qb3 Bxf3 8. gxf3 exd4 9. Qxb7 Nd7 10. Bb5 Ne7 11. Bxd7+ Kxd7 12. Qb3 Qe8 13. cxd4 Bxd4 14. Qa4+ Nc6 15. Nd2 Rb8 16. Nb3 Rb4 17. Qa6 Bb6 18. Bd2 Rxe4+ 19. Kf1 Re6 20. Rc1 Ne5 21. Kg2 Qa8 22. Rh3 Ng4 23. Bg5 Nxf2 24. Rg3 Rhe8 25. Qa4+ c6 26. Qc4 d5 27. Qf4 f5 28. Rc2 Nd3 29. Qd2 Ne1+ 30. Kh3 Nxc2 31. Qxc2 Re2 32. Qc3 R8e5 33. f4 d4 34. Qc4 Re6 35. Nxd4 c5 36. Nf3 Qe4 37. Qb5+ Qc6 38. Qd3+ Rd6 39. Qxe2 Qe4 40. Qxe4 fxe4 41. Ne5+ Ke6 42. Re3 Kf5 43. Kg3 Rd2 44. Nc4 Rd4 45. b3 Bc7 46. Ne5 Rd5 47. Nc4 Rd4 48. a4 Rd5 49. Ne5 Rd4 50. Nf7 Rd1 51. Nh6+ Ke6 52. Rxe4+ Kd5 53. Re2 Rd3+ 54. Kf2 Rxb3 55. Ng8 c4 56. Ne7+ Kd6 57. Nxg6 Bb6+ 58. Kg2 c3 59. Ne5 Rb2 60. Nc4+ Kd5 61. Nxb2 cxb2 62. Rxb2 Bd4 63. Re2 Bc3 64. f5 a5 65. f6 Kc4 66. f7 Bb4 67. Be7 Kb3 68. f8Q Kxa4 69. Qe8+ Kb3 70. Qxh5 a4 71. Qb5 Kc3 72. Qxb4+ Kd3 73. Qe4+ Kc3 74. h5 Kb3 75. h6 Kc3 76. h7 a3 77. h8Q+ 1-0

[Event "Titled Tuesday intern op 12th Mar Late"]
[Site "Chess.com INT"]
[Date "2024.03.12"]
[Round "3"]
[White "Kabanov, Nikolai"]
[Black "Goltsev, Dmitry"]
[Result "0-1"]
[WhiteElo "2434"]
[BlackElo "2215"]
[PlyCount "78"]
[EventDate "2024.03.12"]
[EventType "swiss (blitz)"]
[EventRounds "11"]
[EventCountry "USA"]
[SourceTitle "CB12_2024"]
[SourceDate "2023.10.01"]
[SourceVersion "1"]
[SourceVersionDate "2023.10.01"]
[SourceQuality "1"]

1. e4 e6 2. d4 d5 3. Nc3 c5 4. exd5 exd5 5. Nf3 Nf6 6. Bb5+ Nc6 7. 0-0 Be7 8. dxc5 Bxc5 9. Re1+ Be6 10. Be3 Bxe3 11. Rxe3 0-0 12. Nd4 Bd7 13. Bxc6 bxc6 14. Nb3 Qc7 15. h3 Rfe8 16. Rxe8+ Rxe8 17. Qd4 Bf5 18. Qd2 Qd6 19. Nd4 Bg6 20. Rd1 a6 21. Nde2 c5 22. Nf4 d4 23. Nxg6 hxg6 24. Qd3 Qe6 25. Na4 Qc6 26. b3 Nd5 27. Qf3 Qd6 28. c3 Nf4 29. cxd4 cxd4 30. Nb2 Ne2+ 31. Kh1 Nc3 32. Rf1 Qa3 33. Nc4 Qxa2 34. Qd3 Nb5 35. Nb6 Qe2 36. Qxe2 Rxe2 37. Kg1 d3 38. Nc4 d2 39. Ne3 Nc3 0-1

[Event "Titled Tuesday intern op 27th Feb Late"]
[Site "Chess.com INT"]
[Date "2024.02.27"]
[Round "2"]
[White "Goltsev, Dmitry"]
[Black "Rangel, Daniel"]
[Result "1/2-1/2"]
[WhiteElo "2215"]
[BlackElo "2176"]
[PlyCount "117"]
[EventDate "2024.02.27"]
[EventType "swiss (blitz)"]
[EventRounds "11"]
[EventCountry "USA"]
[SourceTitle "CB10_2024"]
[SourceDate "2024.03.06"]
[SourceVersion "1"]
[SourceVersionDate "2024.03.06"]
[SourceQuality "1"]

1. e4 c5 2. Nf3 d6 3. d4 cxd4 4. Nxd4 Nf6 5. Nc3 a6 6. Be2 e5 7. Nf5 Bxf5 8. exf5 d5 9. Bg5 d4 10. Ne4 Qa5+ 11. Bd2 Bb4 12. c3 Nxe4 13. cxb4 Qb6 14. Bf3 Nxd2 15. Qxd2 0-0 16. 0-0 Nd7 17. a3 Rfe8 18. Bd5 Nf6 19. Ba2 Rad8 20. Rac1 e4 21. Qc2 Re7 22. Qc5 Qxc5 23. bxc5 g6 24. fxg6 hxg6 25. c6 Kg7 26. b4 d3 27. Rfd1 Rc8 28. cxb7 Rxc1 29. Rxc1 Rxb7 30. Kf1 a5 31. bxa5 Rb5 32. a6 Ra5 33. Bc4 Rxa3 34. Ke1 Nd7 35. Kd2 Nc5 36. Rc3 Ra5 37. Bd5 f5 38. Rxc5 Rxc5 39. a7 Rc2+ 40. Kd1 Rc8 41. a8Q Rxa8 42. Bxa8 Kf6 43. Kd2 Ke5 44. Bc6 Kd4 45. Be8 g5 46. g3 f4 47. gxf4 gxf4 48. h4 e3+ 49. Ke1 d2+ 50. Kd1 exf2 51. Bb5 Ke5 52. Bf1 Kf5 53. Be2 Kg6 54. Kxd2 f1Q 55. Bxf1 Kh5 56. Ke2 Kxh4 57. Kf3 Kg5 58. Bd3 Kf6 59. Kxf4 1/2-1/2

[Event "Titled Tuesday intern op 27th Feb Late"]
[Site "Chess.com INT"]
[Date "2024.02.27"]
[Round "3"]
[White "Streltsov, Alexey"]
[Black "Goltsev, Dmitry"]
[Result "0-1"]
[WhiteElo "2286"]
[BlackElo "2215"]
[PlyCount "102"]
[EventDate "2024.02.27"]
[EventType "swiss (blitz)"]
[EventRounds "11"]
[EventCountry "USA"]
[SourceTitle "CB10_2024"]
[SourceDate "2024.03.06"]
[SourceVersion "1"]
[SourceVersionDate "2024.03.06"]
[SourceQuality "1"]

1. d4 e6 2. e4 d5 3. Nd2 c5 4. exd5 exd5 5. Ngf3 Nf6 6. Bb5+ Nc6 7. 0-0 Be7 8. dxc5 Bxc5 9. Re1+ Be6 10. Bxc6+ bxc6 11. Ng5 0-0 12. Nb3 Bb6 13. Nxe6 fxe6 14. Be3 Ne4 15. f3 Ng5 16. Bxb6 Qxb6+ 17. Qd4 Qc7 18. Qe5 Qb6+ 19. Kh1 Rf5 20. Qd4 Qc7 21. h4 Qg3 22. hxg5 Rxg5 23. Re2 Rf8 24. Qf2 Rh5+ 25. Kg1 Qh2+ 26. Kf1 Rg5 27. Re3 e5 28. Qg1 Qh4 29. Ke2 e4 30. Rf1 Qh5 31. Kd2 Qg6 32. fxe4 Rxg2+ 33. Re2 Rxg1 34. Rxf8+ Kxf8 35. exd5 cxd5 36. Nd4 Rg2 37. c3 Rxe2+ 38. Kxe2 Qb1 39. b4 Qxa2+ 40. Kd3 Qc4+ 41. Ke3 h5 42. Ne6+ Kg8 43. Nc5 h4 44. Nd7 h3 45. Ne5 Qxc3+ 46. Kf4 Qd4+ 47. Kf5 Qe4+ 48. Ke6 h2 49. Kd6 h1Q 50. Nc6 Qh2+ 51. Kc5 Qc4# 0-1

[Event "Titled Tuesday intern op 13th Feb Late"]
[Site "Chess.com INT"]
[Date "2024.02.13"]
[Round "8"]
[White "Goltsev, Dmitry"]
[Black "Lazavik, Denis"]
[Result "0-1"]
[WhiteElo "2215"]
[BlackElo "2567"]
[PlyCount "40"]
[EventDate "2024.02.13"]
[EventType "swiss (blitz)"]
[EventRounds "11"]
[EventCountry "USA"]
[SourceTitle "CB08_2024"]
[SourceDate "2024.02.21"]
[SourceVersion "1"]
[SourceVersionDate "2024.02.21"]
[SourceQuality "1"]

1. e4 c5 2. Nf3 e6 3. b3 Nc6 4. Bb2 a6 5. d4 cxd4 6. Nxd4 Qf6 7. c3 Bc5 8. Nf3 Qg6 9. Nbd2 Nf6 10. Qc2 Ng4 11. Nd4 e5 12. f3 Ne3 13. Qd3 exd4 14. b4 Ba7 15. g3 0-0 16. a3 d5 17. cxd4 Nxf1 18. Rxf1 Bh3 19. Rf2 Rad8 20. e5 Qxd3 0-1

[Event "Titled Tuesday intern op 13th Feb Late"]
[Site "Chess.com INT"]
[Date "2024.02.13"]
[Round "5"]
[White "Goltsev, Dmitry"]
[Black "Nakamura, Hikaru"]
[Result "1/2-1/2"]
[WhiteElo "2215"]
[BlackElo "2788"]
[PlyCount "263"]
[EventDate "2024.02.13"]
[EventType "swiss (blitz)"]
[EventRounds "11"]
[EventCountry "USA"]
[SourceTitle "CB08_2024"]
[SourceDate "2024.02.21"]
[SourceVersion "1"]
[SourceVersionDate "2024.02.21"]
[SourceQuality "1"]

1. e4 d5 2. exd5 Qxd5 3. Nf3 Bg4 4. Be2 e6 5. h3 Bh5 6. Nc3 Qd8 7. d4 c6 8. Bf4 Bd6 9. Bxd6 Qxd6 10. Ne4 Qc7 11. Ne5 Bg6 12. Nxg6 hxg6 13. c3 Nd7 14. Qb3 0-0-0 15. a4 Ngf6 16. Ng5 Rhf8 17. a5 Nd5 18. a6 b6 19. Bf3 f6 20. Ne4 e5 21. 0-0 Rde8 22. c4 Nf4 23. c5 Kb8 24. Nd6 Re7 25. Rfc1 Ne6 26. cxb6 Qxb6 27. Qa3 Nxd4 28. Nc8 Rxc8 29. Qxe7 Qd8 30. Qxg7 g5 31. Ra3 Rc7 32. Rac3 Qc8 33. Qe7 Qf8 34. Qxf8+ Nxf8 35. Kf1 Re7 36. Bxc6 Kc7 37. Bb7+ Kd6 38. Rc8 Nfe6 39. Ra8 Nb5 40. Rc6+ Kd7 41. b4 g4 42. hxg4 Rh7 43. g3 e4 44. Kg2 Rg7 45. Rc1 Nec7 46. Rc6 Nxa8 47. Bxa8 Nd6 48. Rc5 Rxg4 49. b5 Rg8 50. Bc6+ Ke7 51. Rc2 Rb8 52. Re2 f5 53. f3 Kf6 54. fxe4 fxe4 55. Bxe4 Rxb5 56. Bc6 Rb3 57. Bd5 Rb6 58. Bb7 Nf5 59. Rf2 Kg5 60. g4 Ne3+ 61. Kf3 Rb3 62. Re2 Nxg4+ 63. Ke4 Kf6 64. Kd5 Ne3+ 65. Kc5 Ke5 66. Rd2 Rc3+ 67. Kb4 Rc7 68. Rd8 Nc2+ 69. Kb3 Nd4+ 70. Kb4 Nc2+ 71. Kb3 Nd4+ 72. Kb4 Ne6 73. Ra8 Rc1 74. Rxa7 Rb1+ 75. Kc3 Nc7 76. Kc2 Rb6 77. Bc8 Kd6 78. Rb7 Rc6+ 79. Kd2 Nxa6 80. Rb3 Rxc8 81. Rb6+ Kc5 82. Rxa6 Rg8 83. Kc3 Rg3+ 84. Kd2 Kb5 85. Re6 Kc4 86. Re3 Rg2+ 87. Re2 Rg7 88. Re3 Kd4 89. Rd3+ Kc4 90. Rc3+ Kb4 91. Rd3 Rg2+ 92. Ke3 Kc5 93. Rd2 Rg3+ 94. Kf4 Rg7 95. Re2 Rf7+ 96. Kg5 Kd4 97. Kg6 Ra7 98. Re6 Kd5 99. Re1 Ra2 100. Kf5 Rg2 101. Kf4 Kc4 102. Kf3 Rg7 103. Re4+ Kd3 104. Re3+ Kd2 105. Re8 Kd1 106. Rd8+ Ke1 107. Re8+ Kf1 108. Ra8 Rf7+ 109. Ke3 Re7+ 110. Kf3 Ke1 111. Ra1+ Kd2 112. Ra2+ Kd3 113. Ra3+ Kc4 114. Ra4+ Kd5 115. Ra5+ Kd4 116. Ra4+ Kc3 117. Ra3+ Kb4 118. Re3 Rf7+ 119. Ke2 Rh7 120. Rf3 Kc4 121. Rf4+ Kc3 122. Rf3+ Kc2 123. Rf4 Re7+ 124. Kf3 Kd3 125. Rf8 Rd7 126. Rf5 Rd4 127. Rf4 Rd6 128. Rf5 Kd4 129. Rf8 Ke5 130. Re8+ Kf5 131. Ra8 Rd3+ 132. Ke2 1/2-1/2

[Event "Titled Tuesday intern op 13th Feb Late"]
[Site "Chess.com INT"]
[Date "2024.02.13"]
[Round "11"]
[White "Goltsev, Dmitry"]
[Black "Ozates, Tuna"]
[Result "1-0"]
[WhiteElo "2215"]
[BlackElo "2290"]
[PlyCount "127"]
[EventDate "2024.02.13"]
[EventType "swiss (blitz)"]
[EventRounds "11"]
[EventCountry "USA"]
[SourceTitle "CB08_2024"]
[SourceDate "2024.02.21"]
[SourceVersion "1"]
[SourceVersionDate "2024.02.21"]
[SourceQuality "1"]

1. e4 e5 2. Nf3 Nc6 3. Bb5 g6 4. c3 Bg7 5. d4 exd4 6. cxd4 a6 7. Ba4 Nge7 8. Nc3 0-0 9. 0-0 b5 10. Bb3 Na5 11. Bc2 d6 12. Bg5 Bg4 13. Nd5 f6 14. Bh4 Nxd5 15. exd5 Nc4 16. b3 Nb6 17. h3 Bd7 18. Be4 Qe8 19. Re1 Qf7 20. Rc1 Rac8 21. Qd2 Rfe8 22. Qa5 Nxd5 23. Qxa6 f5 24. Ng5 Nb4 25. Qxc8 Rxc8 26. Nxf7 Kxf7 27. Bb7 Re8 28. Rxe8 Kxe8 29. Rxc7 Bxd4 30. a3 Nd3 31. Bc6 Bxc6 32. Rxc6 Kd7 33. Ra6 h6 34. Kf1 g5 35. Bg3 f4 36. Bh2 Nc5 37. Ra7+ Kc6 38. b4 Ne4 39. Rh7 Bb2 40. Rxh6 Bxa3 41. h4 gxh4 42. Bxf4 Bxb4 43. Rxh4 Bc5 44. Be3 Nc3 45. Bd2 Nd5 46. g4 b4 47. g5 b3 48. Bc1 Ne7 49. Rh3 Kd5 50. Rxb3 Ke5 51. Be3 Kf5 52. Bxc5 dxc5 53. Rb5 Kxg5 54. Rxc5+ Kf4 55. Ke2 Nf5 56. Rc4+ Ke5 57. f4+ Kf6 58. Kf3 Ne7 59. Ke4 Kf7 60. Rc7 Ke6 61. Ra7 Nf5 62. Ra6+ Nd6+ 63. Rxd6+ Kxd6 64. Kf5 1-0

[Event "Titled Tuesday intern op 13th Feb Late"]
[Site "Chess.com INT"]
[Date "2024.02.13"]
[Round "1"]
[White "Hoffmann, Asa"]
[Black "Goltsev, Dmitry"]
[Result "1-0"]
[WhiteElo "2185"]
[BlackElo "2215"]
[PlyCount "89"]
[EventDate "2024.02.13"]
[EventType "swiss (blitz)"]
[EventRounds "11"]
[EventCountry "USA"]
[SourceTitle "CB08_2024"]
[SourceDate "2024.02.21"]
[SourceVersion "1"]
[SourceVersionDate "2024.02.21"]
[SourceQuality "1"]

1. d4 e6 2. e4 d5 3. e5 c5 4. Nf3 Nc6 5. Bd3 cxd4 6. 0-0 Nge7 7. Bf4 Ng6 8. Bg3 Be7 9. Nbd2 h5 10. h3 h4 11. Bh2 Nf8 12. a3 g5 13. Nb3 Qb6 14. Rb1 a5 15. Re1 a4 16. Nbxd4 Nxd4 17. Nxd4 Bd7 18. c3 Rc8 19. Qf3 Ng6 20. Bxg6 fxg6 21. Qd3 Rg8 22. Re3 Rc4 23. Rf3 Kd8 24. Nc2 Kc8 25. Ne3 Re4 26. Ng4 Bb5 27. Qd2 Re2 28. Qd1 Rf8 29. Rxf8+ Bxf8 30. c4 Bxc4 31. Qxa4 Bc5 32. Qe8+ Kc7 33. Qf7+ Kb8 34. b4 Bd4 35. Rd1 Bb3 36. Rf1 Bc2 37. Nf6 Ka7 38. Nd7 Qb5 39. Qe8 Bxf2+ 40. Kh1 Rd2 41. Qb8+ Ka6 42. Qa8+ Ba7 43. Nc5+ Kb6 44. Qd8+ Kc6 45. Qd6# 1-0